| 000 | 01029cam a2200217 i 4500 | ||
|---|---|---|---|
| 999 |
_c12810 _d12810 |
||
| 003 | OSt | ||
| 005 | 20240703134437.0 | ||
| 008 | 120131s2012 ctua b 001 0 eng | ||
| 020 | _a9780300170054 (cloth : alk. paper) | ||
| 042 | _apcc | ||
| 082 | 0 | 0 |
_a720.92 _223 |
| 100 | 1 | _aLawrence, Amanda Reeser. | |
| 245 | 1 | 0 |
_aJames Stirling : _brevisionary modernist / _cAmanda Reeser Lawrence. |
| 300 |
_aix, 237 pages : _billustrations ; _c27 cm |
||
| 504 | _aIncludes bibliographical references and index. | ||
| 505 | 0 | _aRationalizing Jaoul: Ham Common (1958) -- Discovering history: Churchill College (1959) -- An "expressive" functionalism: Leicester Engineering Building (1963) -- One enormous gesture: Florey Building (1941) -- Recollecting forward: Düsseldorf (1975)-- The remains of modernism: Roma Interrotta (1978). | |
| 600 | 1 | 0 |
_aStirling, James _q(James Frazer) _xCriticism and interpretation. |
| 650 | 0 | _aModern movement (Architecture) | |
| 700 | 1 | 2 |
_aStirling, James _q(James Frazer) _tWorks. _kSelections. |
| 942 | _2ddc | ||